<?xml version="1.0" encoding="UTF-8"?>
<record
    xmlns:xsi="http://www.w3.org/2001/XMLSchema-instance"
    xsi:schemaLocation="http://www.loc.gov/MARC21/slim http://www.loc.gov/standards/marcxml/schema/MARC21slim.xsd"
    xmlns="http://www.loc.gov/MARC21/slim">

  <leader>00925nam a22001337a 4500</leader>
  <datafield tag="999" ind1=" " ind2=" ">
    <subfield code="c">529093</subfield>
    <subfield code="d">529093</subfield>
  </datafield>
  <controlfield tag="008">250220b           ||||| |||| 00| 0 eng d</controlfield>
  <datafield tag="100" ind1=" " ind2=" ">
    <subfield code="a">Benjamin, Suresh M. and Hashimy, Sayed Qudrat  </subfield>
    <subfield code="9">50767</subfield>
  </datafield>
  <datafield tag="245" ind1=" " ind2=" ">
    <subfield code="a">Head of state immunity and the pursutt of justice: The ICC Paradigm in international legal landscapes </subfield>
  </datafield>
  <datafield tag="260" ind1=" " ind2=" ">
    <subfield code="a">World Affairs: The Journal of International Issues </subfield>
  </datafield>
  <datafield tag="300" ind1=" " ind2=" ">
    <subfield code="a">28(4), Oct-Dec, 2024: p.26-51  </subfield>
  </datafield>
  <datafield tag="520" ind1=" " ind2=" ">
    <subfield code="a">This paper delivers into the intricate realm of head of state immunity in international laws, a principle designed to shield sitting heads of state from procreation or legal activate sin foreign jurisdiction. Rooted in the concepts of sovereign equality among sates, this immunity is intended to enable heads of state to executive their duties without the encumbrance of legal proceedings. &#x2013; Reproduced </subfield>
  </datafield>
  <datafield tag="773" ind1=" " ind2=" ">
    <subfield code="a">World Affairs: The Journal of International Issues </subfield>
  </datafield>
  <datafield tag="942" ind1=" " ind2=" ">
    <subfield code="c">AR</subfield>
  </datafield>
  <datafield tag="952" ind1=" " ind2=" ">
    <subfield code="0">0</subfield>
    <subfield code="1">0</subfield>
    <subfield code="2">ddc</subfield>
    <subfield code="4">0</subfield>
    <subfield code="7">0</subfield>
    <subfield code="9">404198</subfield>
    <subfield code="a">IIPA</subfield>
    <subfield code="b">IIPA</subfield>
    <subfield code="d">2025-02-20</subfield>
    <subfield code="h">28(4), Oct-Dec, 2024: p.26-51  </subfield>
    <subfield code="p">AR135246</subfield>
    <subfield code="r">2025-02-20</subfield>
    <subfield code="y">AR</subfield>
  </datafield>
</record>
